000 00742cam a2200265u 4500
999 _c5043
_d5043
001 5043
003 BD-JhCC
005 20171207193156.0
008 831130s1972 xx 000 0bruso
035 _a(BD-JhCC)
040 _aDLC
_cCarP
_dDLC
041 _aeng
082 _a891.733
_bTOL 1972
100 _aTolstoĭ, Lev
245 0 0 _aResurrection :
_bA novel /
_cLev Tolstoĭ
260 _c1972
_aProgress Publication,
_bMoscow :
300 _a554 p. :
_c23 cm.
500 _aRomanized.
600 1 0 _aTolstoy, Leo,
_cgraf,
_d1828-1910.
650 _aNovelist
_zRussian
700 1 _aTolstoy, Leo,
_cgraf,
_d1828-1910.
700 1 _aFatov, Nikolaĭ Nikolaevich,
_d1887- [from old catalog]
942 _2ddc
_cBK